India's language crisis; (Record no. 70262)

MARC details
000 -LEADER
fixed length control field 00657cam a22002411 4500
001 - CONTROL NUMBER
control field sa 66006037
003 - CONTROL NUMBER IDENTIFIER
control field DLC
005 - DATE AND TIME OF LATEST TRANSACTION
control field 20260227112253.0
008 - FIXED-LENGTH DATA ELEMENTS--GENERAL INFORMATION
fixed length control field 781030s1965 ii 000 0 eng
010 ## - LIBRARY OF CONGRESS CONTROL NUMBER
LC control number sa 66006037
025 ## - OVERSEAS ACQUISITION NUMBER
Overseas acquisition number PL480:I-E-4798
035 ## - SYSTEM CONTROL NUMBER
System control number (OCoLC)4328977
040 ## - CATALOGING SOURCE
Original cataloging agency DLC
Transcribing agency MH
Modifying agency DLC
042 ## - AUTHENTICATION CODE
Authentication code premarc
050 00 - LIBRARY OF CONGRESS CALL NUMBER
Classification number JQ220.L3
Item number K8
082 ## - DEWEY DECIMAL CLASSIFICATION NUMBER
Classification number 409.54
100 1# - MAIN ENTRY--PERSONAL NAME
Personal name Kumaramangalam, Mohan.
245 10 - TITLE STATEMENT
Title India's language crisis;
Statement of responsibility, etc. an introductory study by S. Mohan Kumaramangalam.
250 ## - EDITION STATEMENT
Edition statement [1st ed.]
260 ## - PUBLICATION, DISTRIBUTION, ETC.
Place of publication, distribution, etc. Madras,
Name of publisher, distributor, etc. New Century Book House
Date of publication, distribution, etc. [1965]
300 ## - PHYSICAL DESCRIPTION
Extent vii, 122 p.
Dimensions 22 cm.
651 #0 - SUBJECT ADDED ENTRY--GEOGRAPHIC NAME
Geographic name India
General subdivision Languages.

No items available.

Powered by Koha